| 000 | 04823cam a22012134i 4500 | ||
|---|---|---|---|
| 003 | PE-LiUPU | ||
| 005 | 20250813185604.0 | ||
| 008 | 150706s r 000 0 d | ||
| 020 | _a9786124554971 | ||
| 035 | _a(Sirsi) i9786124554971 | ||
| 040 |
_aPE-LiUPU _bspa _cPE-LiUPU _erda |
||
| 049 | _aPRUA | ||
| 082 | 0 | 4 |
_a352.72 _bS5 _221 |
| 110 | 2 | _aCentro Nacional de Planeamiento Estratégico | |
| 245 | 1 | 0 |
_aSíntesis regional : _brecursos potencialidades y crecimiento / _cCentro Nacional de Planeamiento Estratégico. |
| 264 | 1 |
_aLima : _bCEPLAN, _c2011. |
|
| 300 |
_a420 páginas : _bilustraciones ; _c29 centímetros |
||
| 336 |
_atext _2rdacontent |
||
| 337 |
_aunmediated _2rdamedia |
||
| 338 |
_avolume _2rdacarrier |
||
| 505 | 0 | _aInformación General -- Potencialidades por zonas -- Información por departamentos -- Amazonas -- Datos relevantes -- Derechos fundamentales y dignidad de las personas -- Oportunidades y acceso a los servicios -- Estado y gobernabilidad -- Economía, competitividad y empleo -- Desarrollo regional e infraestructura -- Recursos naturales y ambiente -- Plan bicentenario, Perú y sus regiones - Metas al 2021 -- Ancash -- -Datos relevantes -- Derechos fundamentales y dignidad de las personas -- Oportunidades y acceso a los servicios -- Estado y gobernabilidad -- Economía, competitividad y empleo -- Desarrollo regional e infraestructura -- Recursos naturales y ambiente -- Plan bicentenario, Perú y sus regiones - Metas al 2021 -- Apurímac -- Arequipa -- Ayacucho -- Cajamarca -- Callao -- Cusco -- Huancavelica -- Huánuco -- Ica -- Junín -- La Libertad -- Lambayeque -- Provincia de Lima -- Lima Región -- Loreto -- Madre de Dios -- Moquegua, -Pasco -- Piura -- Puno -- San Martín -- Tacna -- Tumbes -- Ucayali -- Información comparativa departamental -- Pobreza -- Pobreza extrema -- PBI per cápita por departamentos -- Indice de desarrollo humano por departamentos -- Tasa de mortalidad infantil según departamento, 1993 y 2007 -- Desnutrición crónica infantil -- Comprensión de lectura -- Matemática -- Población con acceso a agua potable -- Viviendas por tipo de saneamiento -- Viviendas con electricidad -- PBI por habitante -- Competitividad -- Productividad -- Red vial -- Líneas férreas -- Movimiento aeroportuario -- Uso de suelo -- Producción minero metálica -- Población pecuaria -- Producción pesquera -- Producción de madera -- Delitos -- Droga decomisada -- Capacidad de gestión -- Exportaciones -- Tursimo -- Recursos naturales y ambiente -- Línea de base, tendencia al 2021 y meta plan bicentenario de siete indicadores departamentales. | |
| 526 | _aP202 | ||
| 526 | _aP201 | ||
| 526 | _aP163 | ||
| 526 | _aP162 | ||
| 526 | _aP161 | ||
| 526 | _aP160 | ||
| 526 | _aP148 | ||
| 526 | _aP147 | ||
| 526 | _aP146 | ||
| 526 | _aP145 | ||
| 526 | _aP144 | ||
| 526 | _aP143 | ||
| 526 | _aP142 | ||
| 526 | _aP141 | ||
| 526 | _aP140 | ||
| 526 | _aP139 | ||
| 526 | _aP138 | ||
| 526 | _aP137 | ||
| 526 | _aP136 | ||
| 526 | _aP135 | ||
| 526 | _aP134 | ||
| 526 | _aP133 | ||
| 526 | _aP129 | ||
| 526 | _aP128 | ||
| 526 | _aP127 | ||
| 526 | _aP120 | ||
| 526 | _aP119 | ||
| 526 | _aP118 | ||
| 526 | _aP116 | ||
| 526 | _aP115 | ||
| 526 | _aP114 | ||
| 526 | _aP110 | ||
| 526 | _aP109 | ||
| 526 | _aP108 | ||
| 526 | _aP104 | ||
| 526 | _aP103 | ||
| 526 | _aP102 | ||
| 526 | _aP99 | ||
| 526 | _aP98 | ||
| 526 | _aP97 | ||
| 526 | _aP96 | ||
| 526 | _aP95 | ||
| 526 | _aP93 | ||
| 526 | _aP90 | ||
| 526 | _aP89 | ||
| 526 | _aP88 | ||
| 526 | _aP83 | ||
| 526 | _aP82 | ||
| 526 | _aP62 | ||
| 526 | _aP59 | ||
| 526 | _aP58 | ||
| 526 | _aP57 | ||
| 526 | _aP51 | ||
| 526 | _aP49 | ||
| 526 | _aP48 | ||
| 526 | _aP47 | ||
| 526 | _aP29 | ||
| 526 | _aP24 | ||
| 526 | _aP20 | ||
| 526 | _aP19 | ||
| 526 | _aP17 | ||
| 526 | _aP15 | ||
| 526 | _aP14 | ||
| 526 | _aP12 | ||
| 526 | _aP10 | ||
| 526 | _aP09 | ||
| 526 | _aP08 | ||
| 526 | _aP07 | ||
| 526 | _aP06 | ||
| 526 | _aP05 | ||
| 526 | _aP04 | ||
| 526 | _aP01 | ||
| 650 | 0 | 4 |
_aRecursos naturales y desarrollo económico _zPerú. |
| 650 | 0 | 4 |
_aRecursos naturales _zPerú _vEstadística. |
| 651 |
_aPerú _xCondiciones sociales . |
||
| 910 |
_bjck _d20110510 |
||
| 942 |
_2ddc _cBOOK |
||
| 949 |
_a352.72 S5 _wDEWEY _c1 _i62882 _lCCODEBUL1 _mBUL _p30.00 _r0 _sY _tBOOK _u2015-7-6 _xEDUCACION _zUNKNOWN _0COMPRA _o.STAFF. Colección General |
||
| 994 |
_aC0 _bPEPRU |
||
| 596 | _a1 | ||
| 999 |
_a352.72 S5 _wDEWEY _c51911 _i62882 _d51911 _f2021-11-30 _g5 _lCCODEBUL1 _mBUL _p30.00 _q1 _r0 _sY _tBOOK _u2015-7-6 _xFCE _zUNKNOWN _0COMPRA _o.STAFF. Colección General |
||
| 980 |
_81 _gALBERTO SANCHEZ Responsable de Automatización |
||